• 首页
  • 本馆介绍
  • 公告通知
  • 最新文献
  • 馆藏检索
  • 电子资源
  • 读者导购
  • 参考咨询
  • 我的图书馆
  • 登录
  • 详细信息显示
  • 放入我的书架
  • 预约/预借图书
  • 作者相关作品
  • 分类相关作品
  • 丛书相关作品
  • 出版社相关作品

书目信息

  • 表格格式
  • 工作单格式
  • 卡片格式
题名:
马克思恩格斯思想史
    
 
作者: ;中国人民大学马列主义发展史研究所 编
分册:  
出版信息: 上海   上海人民出版社  1982
页数: 626页
开本: 21cm
丛书名:
单 册:
中图分类: A81
科图分类:
主题词: 马恩著作--学习 , 马恩著作研究--思想史
电子资源:
ISBN:
000 00754nam0 2200241 45
001 0182006055
005 20050317164836.5
010    @dCNY2.00
091    @a2074.403
100    @a19950628d1982 kmey0chiy0121 ea
101 0  @achi
102    @aCN@b310000
105    @ay z 000yd
200 10 @a马克思恩格斯思想史@Ama ke si en ge si si xiang shi@f中国人民大学马列主义发展史研究所编@FZhong Guo Ren Min Da Xue Ma Lie Zhu Yi Fa Zhan Shi YanJiu Suo Bian
210    @a上海@c上海人民出版社@d1982
215    @a626页@d21cm
606    @a马恩著作@x学习
606 0  @a马恩著作研究@x思想史
690    @aA81@v3
711 02 @a中国人民大学马列主义发展史研究所@4编
801  0 @aCN@b上海图书馆@c20031224
801  2 @aCN@bNLC@c20031224
905    @dA81@e139@f1@b228418
    
    马克思恩格斯思想史/中国人民大学马列主义发展史研究所编.-上海:上海人民出版社,1982
    626页;21cm
    
    
    ISBN :CNY2.00
    
●
相关链接 在E读中查询图书 在五车中查询图书 在当当中查询图书 在豆瓣中查询图书


正题名:马克思恩格斯思想史     索取号:A81/139         预约/预借

序号 登录号 条形码 馆藏地/架位号 状态 备注
1 0228417   000959298   第一样本阅览室/ [索取号:A81/139] 在馆    
2 0228418   001981387   第一借阅区/ [索取号:A81/139] 在馆    
3 0228419   001855317   密集书库/ [索取号:A81/139] 在馆    
唐山师范学院图书馆 欢迎您!
大连网信软件有限公司© 版权所有